[Event "Warsaw YMCA Spring-A 257th"]
[Site "Warsaw"]
[Date "2022.06.23"]
[Round "9"]
[White "Kaminski, Maciej1111"]
[Black "Niedbal, Piotr"]
[Result "0-1"]
[WhiteElo "1941"]
[BlackElo "1868"]
[PlyCount "98"]
[EventDate "2022.04.08"]
[EventType "tourn"]
[EventRounds "11"]
[EventCountry "POL"]
[SourceTitle "EXT 2023"]
[Source "ChessBase"]
[SourceDate "2022.10.05"]
[SourceVersion "1"]
[SourceVersionDate "2022.10.05"]
[SourceQuality "1"]

1. e4 c5 2. Nf3 e6 3. d4 cxd4 4. Nxd4 Nc6 5. Nb5 d6 6. c4 Nf6 7. N1c3 a6 8. Na3 Be7 9. Be2 0-0 10. 0-0 Qc7 11. Be3 Ne5 12. f4 Ng6 13. Rc1 Bd7 14. g3 Rac8 15. Bf3 Rfd8 16. Qe2 Be8 17. Qf2 Nd7 18. Rfd1 Qb8 19. Bg2 Nc5 20. e5 Nd7 21. exd6 Bxd6 22. Ba7 Qc7 23. Nab5 axb5 24. Nxb5 Bc5 25. Nxc7 Bxf2+ 26. Kxf2 Rxc7 27. Bb6 Rdc8 28. Bxc7 Rxc7 29. c5 Nxc5 30. Ke3 Ne7 31. g4 b6 32. Rd6 Na6 33. Rd8 Kf8 34. Rcd1 Nb4 35. Be4 Ned5+ 36. Kf3 Ke7 37. Rb8 Nc6 38. Ra8 Nf6 39. Ra3 Nxe4 40. Kxe4 Nb4 41. f5 Nd5 42. fxe6 fxe6 43. Rd2 Rc1 44. h4 Rf1 45. Ra7+ Bd7 46. Rg2 Kd6 47. Rg3 Bb5 48. Rf3 Re1+ 49. Kd4 e5# 0-1

[Event "Warsaw YMCA Spring-A 257th"]
[Site "Warsaw"]
[Date "2022.04.15"]
[Round "2"]
[White "Sloniewski, Michal"]
[Black "Niedbal, Piotr"]
[Result "1/2-1/2"]
[WhiteElo "1825"]
[BlackElo "1868"]
[PlyCount "100"]
[EventDate "2022.04.08"]
[EventType "tourn"]
[EventRounds "11"]
[EventCountry "POL"]
[SourceTitle "EXT 2023"]
[Source "ChessBase"]
[SourceDate "2022.10.05"]
[SourceVersion "1"]
[SourceVersionDate "2022.10.05"]
[SourceQuality "1"]

1. d4 Nf6 2. Nf3 g6 3. Bf4 b6 4. e3 Bb7 5. Be2 Bg7 6. h3 0-0 7. 0-0 d5 8. Nbd2 c5 9. c3 Nc6 10. Ne5 Nd7 11. Nxd7 Qxd7 12. dxc5 e5 13. Bg5 bxc5 14. Ne4 Qf5 15. g4 Qc8 16. Nxc5 d4 17. exd4 exd4 18. Bf3 Ba6 19. Nxa6 Qxa6 20. Bxc6 Qxc6 21. cxd4 Qb5 22. Qd2 Bxd4 23. Qxd4 Qxg5 24. Rfe1 Rfd8 25. Qe3 Qb5 26. Qe2 Qb4 27. Rad1 Re8 28. Qxe8+ Rxe8 29. Rxe8+ Kg7 30. Re2 Qc4 31. Re7 h5 32. gxh5 gxh5 33. Rxa7 Qc2 34. Rdd7 Qc1+ 35. Kg2 Qg5+ 36. Kf3 Qf5+ 37. Ke2 Qc2+ 38. Ke3 Qc5+ 39. Kd3 Qb5+ 40. Kc3 Qc5+ 41. Kb3 Qb5+ 42. Ka3 Qc5+ 43. b4 Qc3+ 44. Ka4 Qc2+ 45. Kb5 Qe2+ 46. Kc5 Qxf2+ 47. Rd4 Qf5+ 48. Rd5 Qf2+ 49. Rd4 Qf5+ 50. Rd5 Qf2+ 1/2-1/2

[Event "Warsaw YMCA Autumn-A2 252nd"]
[Site "Warsaw"]
[Date "2021.10.22"]
[Round "5"]
[White "Kalejta, Arkadiusz"]
[Black "Niedbal, Piotr"]
[Result "0-1"]
[WhiteElo "1784"]
[BlackElo "1837"]
[PlyCount "120"]
[EventDate "2021.10.01"]
[EventType "tourn"]
[EventRounds "13"]
[EventCountry "POL"]
[SourceTitle "EXT 2023"]
[Source "ChessBase"]
[SourceDate "2022.10.05"]
[SourceVersion "1"]
[SourceVersionDate "2022.10.05"]
[SourceQuality "1"]

1. e4 c5 2. Nf3 e6 3. d4 cxd4 4. Nxd4 Nc6 5. Nc3 Qc7 6. Be3 a6 7. Bd3 b5 8. Nxc6 Qxc6 9. 0-0 Bb7 10. a4 b4 11. Na2 Nf6 12. c3 Nxe4 13. f3 Bc5 14. Bxe4 Bxe3+ 15. Kh1 d5 16. Nxb4 Qc7 17. Bxd5 0-0 18. Re1 Bf4 19. Bxb7 Qxb7 20. Nd3 Bg5 21. Qc2 Rac8 22. Rab1 Rc4 23. Nf2 Rh4 24. Ne4 Be7 25. g3 Rh6 26. Qg2 Qb3 27. Ra1 Rb8 28. Reb1 Rh5 29. Nd2 Qc2 30. Nc4 Qd3 31. Nd2 Rd5 32. Ne4 f5 33. Nf2 Qc2 34. b4 Qxc3 35. Nd1 Qe1+ 36. Qg1 Qxg1+ 37. Kxg1 Rxb4 38. Rxb4 Bxb4 39. Rc1 a5 40. Kf1 Rd2 41. h4 Ra2 42. Rc6 Kf7 43. Ne3 Rxa4 44. Nc4 Ra2 45. g4 Rh2 46. Rc7+ Kg6 47. Ne5+ Kh6 48. g5+ Kh5 49. Rxg7 Kxh4 50. Rxh7+ Kg3 51. Rxh2 Kxh2 52. Ke2 a4 53. Nd3 Bc3 54. Nc1 Kg3 55. Ke3 Kh4 56. Na2 Bb2 57. Kf4 a3 58. Nb4 Kh5 59. Na2 Kg6 60. Nb4 e5+ 0-1

[Event "Warsaw YMCA Autumn-A 238th"]
[Site "Warsaw"]
[Date "2020.10.29"]
[Round "6"]
[White "Niedbal, Piotr"]
[Black "Choroszej, Aleksander"]
[Result "0-1"]
[WhiteElo "1893"]
[BlackElo "2037"]
[PlyCount "114"]
[EventDate "2020.09.24"]
[EventType "swiss"]
[EventRounds "12"]
[EventCountry "POL"]
[SourceTitle "EXT 2022"]
[Source "ChessBase"]
[SourceDate "2021.10.06"]
[SourceVersion "1"]
[SourceVersionDate "2021.10.06"]
[SourceQuality "1"]

1. e4 g6 2. d4 Bg7 3. Nc3 d6 4. Be3 a6 5. a4 Nf6 6. f3 b6 7. Bc4 e6 8. Nge2 h6 9. 0-0 0-0 10. Qd2 Kh7 11. Kh1 Bb7 12. Bd3 Qe7 13. b4 Nfd7 14. Rab1 Rc8 15. f4 f5 16. d5 fxe4 17. Bxe4 Nf6 18. Bf3 exd5 19. f5 g5 20. Nxd5 Nxd5 21. Bxd5 Bxd5 22. Qxd5 Nd7 23. Qe6 Qxe6 24. fxe6 Ne5 25. Nd4 Re8 26. Rbe1 c5 27. bxc5 bxc5 28. Nf5 Rxe6 29. Nxg7 Kxg7 30. Rb1 Kg6 31. h3 Nc4 32. Bc1 Rae8 33. Rb7 Re1 34. Kg1 R8e2 35. c3 Rxf1+ 36. Kxf1 Rc2 37. Rb1 Rxc3 38. Ke2 d5 39. a5 Kf5 40. h4 d4 41. Kd1 d3 42. Rb8 d2 43. Bxd2 Rd3 44. Rf8+ Kg4 45. Rf2 Kg3 46. Re2 Rxd2+ 47. Rxd2 Nxd2 48. hxg5 hxg5 49. Kxd2 Kxg2 50. Kc3 Kf3 51. Kc4 g4 52. Kxc5 g3 53. Kb6 g2 54. Kxa6 g1Q 55. Kb7 Qg7+ 56. Kb6 Qd4+ 57. Kb5 Qa7 0-1

[Event "Police Gniota Memorial 34th"]
[Site "Police"]
[Date "2019.07.17"]
[Round "8"]
[White "Wikar, Martyna"]
[Black "Niedbal, Piotr"]
[Result "1-0"]
[WhiteElo "2020"]
[BlackElo "1915"]
[PlyCount "55"]
[EventDate "2019.07.10"]
[EventType "swiss"]
[EventRounds "9"]
[EventCountry "POL"]
[SourceTitle "EXT 2020"]
[Source "ChessBase"]
[SourceDate "2019.10.17"]
[SourceVersion "1"]
[SourceVersionDate "2019.10.17"]
[SourceQuality "1"]

1. d4 Nf6 2. Bf4 d5 3. Nc3 Bf5 4. e3 e6 5. Nb5 Na6 6. a3 Be7 7. Nf3 0-0 8. Bd3 Ne4 9. 0-0 c6 10. Nc3 Nxc3 11. bxc3 Nc7 12. Bxf5 exf5 13. Qd3 g6 14. c4 Ne6 15. Bg3 Rc8 16. Nd2 Bd6 17. c5 Bxg3 18. hxg3 h5 19. Nf3 Ng5 20. c4 Nxf3+ 21. gxf3 dxc4 22. Qxc4 Qg5 23. Kg2 h4 24. Qc3 Rfe8 25. Rh1 hxg3 26. d5 f6 27. f4 Rxe3 28. Qxe3 1-0

[Event "Police Gniota Memorial 34th"]
[Site "Police"]
[Date "2019.07.11"]
[Round "2"]
[White "Hommer, Jeremy"]
[Black "Niedbal, Piotr"]
[Result "1-0"]
[WhiteElo "2083"]
[BlackElo "1915"]
[PlyCount "73"]
[EventDate "2019.07.10"]
[EventType "swiss"]
[EventRounds "9"]
[EventCountry "POL"]
[SourceTitle "EXT 2020"]
[Source "ChessBase"]
[SourceDate "2019.10.17"]
[SourceVersion "1"]
[SourceVersionDate "2019.10.17"]
[SourceQuality "1"]

1. d4 Nf6 2. Bf4 g6 3. Nc3 Bg7 4. e4 d6 5. Qd2 c6 6. 0-0-0 b5 7. f3 Qa5 8. Kb1 b4 9. Nce2 0-0 10. Bh6 c5 11. h4 c4 12. c3 bxc3 13. Nxc3 Ba6 14. g4 Nc6 15. h5 Rab8 16. Bxg7 Kxg7 17. Nge2 Qb4 18. Rc1 Rb6 19. hxg6 fxg6 20. Ka1 Ng8 21. Bg2 Rfb8 22. Rc2 Qa5 23. d5 Nb4 24. Qd4+ Nf6 25. Rd2 Kg8 26. g5 Ne8 27. Bh3 Ng7 28. Nf4 Bc8 29. Bxc8 Rxc8 30. Rdh2 e5 31. dxe6 Qe5 32. Rxh7 Nc2+ 33. Kb1 Na3+ 34. Kc1 Qxf4+ 35. Kd1 Qxf3+ 36. Ne2 Nh5 37. Qh8# 1-0

[Event "Police Gniota Memorial 34th"]
[Site "Police"]
[Date "2019.07.10"]
[Round "1"]
[White "Niedbal, Piotr"]
[Black "Mis, Mieszko"]
[Result "0-1"]
[WhiteElo "1915"]
[BlackElo "2284"]
[PlyCount "86"]
[EventDate "2019.07.10"]
[EventType "swiss"]
[EventRounds "9"]
[EventCountry "POL"]
[SourceTitle "EXT 2020"]
[Source "ChessBase"]
[SourceDate "2019.10.17"]
[SourceVersion "1"]
[SourceVersionDate "2019.10.17"]
[SourceQuality "1"]

1. e4 g6 2. d4 Bg7 3. c4 d6 4. Nc3 e5 5. dxe5 dxe5 6. Qxd8+ Kxd8 7. Bg5+ f6 8. 0-0-0+ Nd7 9. Be3 Bh6 10. Bxh6 Nxh6 11. Nf3 c6 12. Be2 Kc7 13. Rd2 a5 14. Rhd1 Nc5 15. b3 Nf7 16. Kb2 Be6 17. Rc1 Nd6 18. Bd3 Rhd8 19. Bb1 Bg4 20. Rcd1 Rd7 21. h3 Bxf3 22. gxf3 Rad8 23. Kc1 Nf7 24. Ne2 Ng5 25. Ng1 Nce6 26. Rxd7+ Rxd7 27. Rxd7+ Kxd7 28. Kd2 Nf4 29. h4 Nge6 30. Ke3 Ng2+ 31. Ke2 Nd4+ 32. Kd3 Nxh4 33. f4 Ng2 34. fxe5 fxe5 35. Nh3 Ne6 36. Kc3 h5 37. Bd3 g5 38. Bb1 Ngf4 39. Ng1 g4 40. f3 g3 41. Kd2 h4 42. Ke1 g2 43. Bc2 h3 0-1

[Event "BCF-chT2 1819 (4NCL) Demotion"]
[Site "England"]
[Date "2019.03.17"]
[Round "8.76"]
[White "Niedbal, Piotr"]
[Black "Punnett, Alan Kenneth"]
[Result "1/2-1/2"]
[WhiteElo "2020"]
[BlackElo "1996"]
[PlyCount "36"]
[EventDate "2018.11.10"]
[EventType "team-tourn"]
[EventRounds "11"]
[EventCountry "ENG"]
[SourceTitle "EXT 2021"]
[Source "ChessBase"]
[SourceDate "2020.10.23"]
[SourceVersion "1"]
[SourceVersionDate "2020.10.23"]
[SourceQuality "1"]
[WhiteTeam "Manchester Manticores"]
[BlackTeam "Guildford III"]
[WhiteTeamCountry "ENG"]
[BlackTeamCountry "ENG"]

1. e4 e6 2. d4 d5 3. Nd2 Be7 4. c3 dxe4 5. Nxe4 Nf6 6. Bd3 Nbd7 7. Nf3 Nxe4 8. Bxe4 Nf6 9. Bc2 0-0 10. 0-0 c5 11. Qd3 cxd4 12. Nxd4 Qd5 13. Qg3 Bd6 14. Qh4 Qh5 15. Qxh5 Nxh5 16. Rd1 a6 17. h3 Bc7 18. Be3 Nf6 1/2-1/2

[Event "Police Gniota Memorial 33rd"]
[Site "Police"]
[Date "2018.07.18"]
[Round "8"]
[White "Dryja, Szymon"]
[Black "Niedbal, Piotr"]
[Result "0-1"]
[WhiteElo "1898"]
[BlackElo "1897"]
[PlyCount "88"]
[EventDate "2018.07.11"]
[EventType "swiss"]
[EventRounds "9"]
[EventCountry "POL"]
[SourceTitle "CBM 185 Extra"]
[Source "ChessBase"]
[SourceDate "2018.07.29"]
[SourceVersion "1"]
[SourceVersionDate "2018.07.29"]
[SourceQuality "1"]

1. d4 Nf6 2. c4 g6 3. Nc3 Bg7 4. e4 0-0 5. Be2 d6 6. Be3 e5 7. d5 a5 8. g4 Na6 9. g5 Ne8 10. h4 c6 11. h5 cxd5 12. cxd5 Bd7 13. Qd2 Rb8 14. Bb5 Bxb5 15. Nxb5 b6 16. f3 Qd7 17. Nc3 Nec7 18. Qh2 Bh8 19. Nh3 Nb4 20. Rd1 Nb5 21. a3 Nd4 22. Bxd4 exd4 23. Nb1 Na6 24. Nf2 Be5 25. f4 Bh8 26. Rd3 Rfc8 27. Ke2 Rc2+ 28. Nd2 Nc5 29. hxg6 fxg6 30. Rh3 Qb5+ 31. Ke1 Rxd2 32. Kxd2 Nxe4+ 33. Nxe4 Qxb2+ 34. Kd3 Qb3+ 35. Ke2 Qc2+ 36. Nd2 Re8+ 37. Kf3 Re3+ 38. Kg4 h5+ 39. Rxh5 Qf5+ 40. Kh4 gxh5 41. Kxh5 Qh7+ 42. Kg4 Qxh2 43. Rxh2 d3 44. Rh6 Bc3 0-1

[Event "Basingstoke 4NCL Spring Bank op-A 1st"]
[Site "Basingstoke"]
[Date "2018.05.27"]
[Round "5"]
[White "Akeya Price, Robert A"]
[Black "Niedbal, Piotr"]
[Result "1/2-1/2"]
[WhiteElo "1760"]
[BlackElo "1907"]
[PlyCount "55"]
[EventDate "2018.05.25"]
[EventType "swiss"]
[EventRounds "7"]
[EventCountry "ENG"]
[SourceTitle "CBM 184 Extra"]
[Source "ChessBase"]
[SourceDate "2018.06.28"]
[SourceVersion "1"]
[SourceVersionDate "2018.06.28"]
[SourceQuality "1"]

1. d4 Nf6 2. c4 g6 3. Nc3 Bg7 4. e4 d6 5. Be2 0-0 6. Be3 e5 7. d5 a5 8. g4 Na6 9. h4 b6 10. f3 h5 11. g5 Ne8 12. Qd2 Bd7 13. Nh3 Rb8 14. Nf2 Nb4 15. Nd3 Na6 16. a3 Ra8 17. Rb1 a4 18. Bd1 Nb8 19. Be2 Qc8 20. Nb4 Qb7 21. Kf2 Qc8 22. Rhg1 Qd8 23. Rg3 Qc8 24. Bd1 Qb7 25. Nb5 Ra5 26. Be2 Ra8 27. Bd1 Ra5 28. Be2 1/2-1/2

[Event "Harrogate 4NCL op-A 17th"]
[Site "Harrogate"]
[Date "2018.01.21"]
[Round "5"]
[White "Niedbal, Piotr"]
[Black "Shaw, Peter"]
[Result "0-1"]
[WhiteElo "1877"]
[BlackElo "2122"]
[PlyCount "87"]
[EventDate "2018.01.19"]
[EventType "swiss"]
[EventRounds "5"]
[EventCountry "ENG"]
[SourceTitle "CBM 182 Extra"]
[Source "ChessBase"]
[SourceDate "2018.02.23"]
[SourceVersion "1"]
[SourceVersionDate "2018.02.23"]
[SourceQuality "1"]

1. e4 d6 2. d4 Nf6 3. Nc3 c6 4. Nf3 Bg4 5. Be2 e6 6. h3 Bxf3 7. Bxf3 d5 8. 0-0 Be7 9. exd5 cxd5 10. Ne2 Nc6 11. Qd3 0-0 12. a3 Rc8 13. Bf4 Na5 14. b3 b5 15. Qxb5 Rxc2 16. Rfc1 Rxc1+ 17. Rxc1 Qb6 18. Qa4 Bd8 19. Rc5 Qxb3 20. Rxa5 Qb1+ 21. Kh2 Bxa5 22. Qxa5 Ne4 23. Be3 Qb6 24. Qxb6 axb6 25. Bxe4 dxe4 26. Kg3 Ra8 27. d5 exd5 28. Bxb6 Rxa3+ 29. Be3 f6 30. Kh2 Rd3 31. Nd4 Kf7 32. Kg1 Rd1+ 33. Kh2 g6 34. h4 Ke7 35. g3 Kd6 36. Ne2 Kc6 37. Kg2 Rd3 38. Nc1 Ra3 39. g4 Kb5 40. Bd4 Kc4 41. Bxf6 d4 42. Bg5 d3 43. f3 exf3+ 44. Kf2 0-1

[Event "Police Gniota Memorial 32nd"]
[Site "Police"]
[Date "2017.07.06"]
[Round "2"]
[White "Krzywnicka, Maria"]
[Black "Niedbal, Piotr"]
[Result "1/2-1/2"]
[WhiteElo "1856"]
[BlackElo "1825"]
[PlyCount "76"]
[EventDate "2017.07.05"]
[EventType "swiss"]
[EventRounds "9"]
[EventCountry "POL"]
[SourceTitle "EXT 2018"]
[Source "ChessBase"]
[SourceDate "2017.10.13"]
[SourceVersion "1"]
[SourceVersionDate "2017.10.13"]
[SourceQuality "1"]

1. e4 d5 2. exd5 Qxd5 3. Nf3 Nf6 4. d4 Bg4 5. Be2 e6 6. 0-0 Be7 7. h3 Bh5 8. c4 Qd6 9. Nc3 c6 10. Be3 0-0 11. a3 Nbd7 12. b4 a6 13. Qc1 Qc7 14. Bf4 Bd6 15. Bxd6 Qxd6 16. Rd1 Rac8 17. Qe3 Rfd8 18. Ne5 Bxe2 19. Qxe2 Qc7 20. Rac1 Qb8 21. a4 Qc7 22. a5 Nxe5 23. Qxe5 Qe7 24. Rb1 Nd7 25. Qe3 Nf6 26. Qe2 Qc7 27. Rd3 h6 28. Ne4 Nxe4 29. Qxe4 Rd7 30. Rbd1 Rcd8 31. g3 Rd6 32. Kg2 R6d7 33. d5 exd5 34. cxd5 cxd5 35. Qd4 Qc6 36. Rc3 Qe6 37. Re3 Qd6 38. Kh2 Qe7 1/2-1/2

[Event "Police Gniota Memorial 31st"]
[Site "Police"]
[Date "2016.07.06"]
[Round "1"]
[White "Goluch, Piotr"]
[Black "Niedbal, Piotr"]
[Result "1-0"]
[WhiteElo "2364"]
[BlackElo "1898"]
[PlyCount "105"]
[EventDate "2016.07.06"]
[EventType "swiss"]
[EventRounds "9"]
[EventCountry "POL"]
[SourceTitle "EXT 2017"]
[Source "ChessBase"]
[SourceDate "2016.10.25"]
[SourceVersion "1"]
[SourceVersionDate "2016.10.25"]
[SourceQuality "1"]

1. d4 Nf6 2. Nf3 g6 3. g3 Bg7 4. Bg2 0-0 5. 0-0 d5 6. c4 c6 7. Nfd2 Nbd7 8. Nc3 Nb6 9. c5 Nbd7 10. e4 dxe4 11. Ndxe4 Nxe4 12. Nxe4 Nf6 13. Nc3 Be6 14. Bg5 h6 15. Be3 Nd5 16. Qd2 Kh7 17. Rfd1 Qd7 18. a4 a5 19. h4 h5 20. Ne4 Bg4 21. f3 Nxe3 22. Qxe3 Bf5 23. Rd2 Bxe4 24. Qxe4 e6 25. Rad1 Rad8 26. Kh2 Rfe8 27. f4 Qe7 28. Bf3 Kg8 29. Rd3 Rd7 30. Qe1 Red8 31. Qxa5 Rxd4 32. Rxd4 Rxd4 33. Rxd4 Bxd4 34. b4 e5 35. fxe5 Bxe5 36. Kg2 g5 37. b5 Qxc5 38. Qd8+ Kh7 39. Qxg5 Qc2+ 40. Kh3 f6 41. Qxh5+ Kg7 42. Qg4+ Kf7 43. Qd7+ Kg6 44. Qe8+ Kg7 45. Qd7+ Kg6 46. Qg4+ Kf7 47. a5 cxb5 48. Qd7+ Kg6 49. Qg4+ Kf7 50. Bxb7 Qc5 51. Qd7+ Kg8 52. Bd5+ Kh8 53. Qe8+ 1-0